zpět

Detail výsledku týmu

U Dvou dobráků PO, Opava

Datum a čas kvízu

28 Celkem bodů Celkový počet nahraných bodů na tomto kvízu bez doplňovacích otázek.
4. Pořadí na kvízu Konečné umístění týmu na tomto kvízu.

Zaznamenané odpovědi

# Otázka Odpověď Body Výsledky
1. Senát nominoval rekordních 125... Jan Kubiš, Adolf Opálka 0.5
2. Policie v Nashvillu v americké... C) hrál v pornografickém filmu 0
3. Jak se jmenuje či jak si říká... Martin Mikyska / Mikýř 1
4. Americký výrobce čipů prezentu... Nvidia 1
5. Naše talentovaná 24letá reprez... plavání 1
11. Jak se nazývá specializované o... A 0
12. Jak se jmenuje ovoce na obrázk... kumquat (nagami nebo počeštěně kumkvat) 1
13. Nyní nás bude zajímat ovoce zv... C 0
14. Vypište z následující řady dva... kiwano, goji 0.5
15. Níže jsou názvy tří odrůd jabl... C 1